000 00760nam a22002297a 4500
005 20130405111143.0
010 _aENG-105217
020 _a9788184001839
_c299.00
035 _aEN-88750
035 _aB-489857-862
037 _bDBAD/PUB
037 _bBSB/Ven
082 _a303.4
100 _aDasgupta, Subrata
245 _aAwakening :
_cby Subrata Dasgupta
_bthe story of the Bengal renaissance /
260 _aNoida
_bRandom House Publishers
_c2011
270 _aWindsor IT Park, 7th Floor, Tower-B, A-1, Sector-125
_bNoida
_e201301
300 _axx,481p.
_c22cm(pbk)
500 _aIncludes index
942 _2ddc
_cEN
_h303.4
_mDAS
999 _c66294
_d66294